Detalles MARC
| 000 -LEADER |
| campo de control de longitud fija |
02488cam a2200397 i 4500 |
| 003 - IDENTIFICADOR DE NÚMERO DE CONTROL |
| campo de control |
PE-LiUPU |
| 005 - FECHA Y HORA DE LA ÚLTIMA TRANSACCIÓN |
| campo de control |
20260202143245.0 |
| 008 - DATOS DE LONGITUD FIJA--INFORMACIÓN GENERAL |
| campo de control de longitud fija |
2501 s2025 pe a rb 000 0 spa d |
| 035 ## - NÚMERO DE CONTROL DEL SISTEMA |
| Número de control de sistema |
PE-LiUPU00073 |
| 040 ## - FUENTE DE CATALOGACIÓN |
| Centro catalogador/agencia de origen |
PE-LiUPU |
| Lengua de catalogación |
spa |
| Centro/agencia transcriptor |
PE-LiUPU |
| Normas de descripción |
rda |
| 082 04 - NÚMERO DE LA CLASIFICACIÓN DECIMAL DEWEY |
| Número de clasificación |
231.044 |
| Número de edición |
23 |
| Cutter |
L111 |
| 090 ## - LOCALMENTE ASIGNADO TIPO-LC NÚMERO DE CLASIFICACIÓN (OCLC); NÚMERO DE CLASIFICACIÓN LOCAL (RLIN) |
| Número de clasificación (OCLC) (R) ; Numero de clasificación, CALL (RLIN) (NR) |
231.044 |
| Número cutter local (OCLC) ; Número de libro/Signatura topográfica íntegra, CALL (RLIN) |
D35 |
| 245 10 - MENCIÓN DEL TÍTULO |
| Título |
La Deidad : |
| Resto del título |
¿podemos creer en un Dios trino? / |
| Mención de responsabilidad, etc. |
editado por Jiří Moskala, Joel Iparraguirre y Abner F. Hernández. |
| 264 #1 - PRODUCCIÓN, PUBLICACIÓN, DISTRIBUCIÓN, FABRICACIÓN Y COPYRIGHT |
| Producción, publicación, distribución, fabricación y copyright |
Berrien Springs, Michigan : |
| Nombre del de productor, editor, distribuidor, fabricante |
Adventist Theological Society, |
| Fecha de producción, publicación, distribución, fabricación o copyright |
2025. |
| 264 #3 - PRODUCCIÓN, PUBLICACIÓN, DISTRIBUCIÓN, FABRICACIÓN Y COPYRIGHT |
| Producción, publicación, distribución, fabricación y copyright |
Lima : |
| Nombre del de productor, editor, distribuidor, fabricante |
Universidad Peruana Unión, Centro de Aplicación Editorial Imprenta Unión. |
| 300 ## - DESCRIPCIÓN FÍSICA |
| Extensión |
201 páginas : |
| Otras características físicas |
ilustraciones ; |
| Dimensiones |
24 cm |
| 336 ## - TIPO DE CONTENIDO |
| Término de tipo de contenido |
text |
| Fuente |
rdacontent |
| 337 ## - TIPO DE MEDIO |
| Nombre/término del tipo de medio |
unmediated |
| Fuente |
rdamedia |
| 338 ## - TIPO DE SOPORTE |
| Nombre/término del tipo de soporte |
volume |
| Fuente |
rdacarrier |
| 500 ## - NOTA GENERAL |
| Nota general |
Obra colectiva producida por la Adventist Theological Society. |
| 500 ## - NOTA GENERAL |
| Nota general |
Incluye estudios bíblicos, históricos y teológicos sobre la doctrina de la Trinidad. |
| 500 ## - NOTA GENERAL |
| Nota general |
Las citas bíblicas provienen de diversas versiones, entre ellas RV95, RVC, RVA15, RVR60, NVI, NTV y otras. |
| 505 ## - NOTA DE CONTENIDO CON FORMATO |
| Nota de contenido con formato |
ESTUDIOS INTRODUCTORIOS Y BÍBLICOS -- La Deidad: Una introducción al Dios trino -- La Deidad en el antiguo testamento -- La Deidad en el nuevo testamento -- ESTUDIOS HISTÓRICOS Y TEOLÓGICOS -- La Deidad en el cristianismo: Breve recuento histórico -- La Deidad en la historia del movimiento adventista -- La Deidad en los escritos de Elena de White -- Una evaluación de la hermenéutica antitrinitaria moderna -- ¿Quién es en verdad, el Dios de la Biblia? |
| 520 ## - RESUMEN, ETC. |
| Sumario, etc. |
Obra académica que examina la doctrina de la Deidad y la creencia en un Dios trino desde una perspectiva bíblica, histórica y teológica dentro del pensamiento adventista, abordando el Antiguo y Nuevo Testamento, la historia del cristianismo y el desarrollo doctrinal adventista. |
| 650 14 - PUNTO DE ACCESO ADICIONAL DE MATERIA--TÉRMINO DE MATERIA |
| Término de materia o nombre geográfico como elemento de entrada |
Trinidad |
| 9 (RLIN) |
3711 |
| 650 24 - PUNTO DE ACCESO ADICIONAL DE MATERIA--TÉRMINO DE MATERIA |
| Término de materia o nombre geográfico como elemento de entrada |
Dios |
| Subdivisión general |
Doctrina cristiana. |
| 9 (RLIN) |
7922 |
| 650 #0 - PUNTO DE ACCESO ADICIONAL DE MATERIA--TÉRMINO DE MATERIA |
| Término de materia o nombre geográfico como elemento de entrada |
Teología sistemática |
| Subdivisión general |
Adventistas del Séptimo Día. |
| 9 (RLIN) |
7202 |
| 650 24 - PUNTO DE ACCESO ADICIONAL DE MATERIA--TÉRMINO DE MATERIA |
| Término de materia o nombre geográfico como elemento de entrada |
Iglesia Adventista del Séptimo Día |
| Subdivisión general |
Doctrinas. |
| 9 (RLIN) |
7923 |
| 700 1# - ENTRADA AGREGADA--NOMBRE PERSONAL |
| Nombre de persona |
Moskala, Jiří, |
| Término indicativo de función/relación |
editor. |
| 9 (RLIN) |
1292 |
| 700 1# - ENTRADA AGREGADA--NOMBRE PERSONAL |
| Nombre de persona |
Iparraguirre, Joel, |
| Término indicativo de función/relación |
editor. |
| 700 1# - ENTRADA AGREGADA--NOMBRE PERSONAL |
| Nombre de persona |
Hernández, Abner F., |
| Término indicativo de función/relación |
editor. |
| 710 2# - ENTRADA AGREGADA--NOMBRE DE ENTIDAD CORPORATIVA |
| Nombre de entidad corporativa o nombre de jurisdicción como elemento de entrada |
Adventist Theological Society, |
| Término indicativo de función/relación |
editor. |
| 710 2# - ENTRADA AGREGADA--NOMBRE DE ENTIDAD CORPORATIVA |
| Nombre de entidad corporativa o nombre de jurisdicción como elemento de entrada |
Universidad Peruana Unión. |
| Unidad subordinada |
Imprenta Unión, |
| Término indicativo de función/relación |
impresor. |
| 942 ## - ELEMENTOS DE ENTRADA SECUNDARIOS (KOHA) |
| Fuente del sistema de clasificación o colocación |
Clasificación Decimal Dewey |
| Tipo de ítem Koha |
Libros físicos |
| 980 ## - EQUIVALENCIA O REFERENCIA-CRUZADA-MENCIÓN DE SERIE--NOMBRE DE PERSONA/TÍTULO [LOCAL, CANADÁ] |
| ID del usuario creador del registro |
18228 |
| Nombre del creador del registro |
Rebeca Esther Huerta Leyton |
| ID del último usuario que modificó el registro |
18226 |
| Nombre del último usuario que modificó el registro |
Jaime Vilcazán Jefe de Análisis Documental |